Catálogo
 En Linea

El habla de mi tierra : (Registro nro. 25032)

Detalles MARC
000 -CABECERA
campo de control de longitud fija 00718nam a2200193 a 4500
001 - NÚMERO DE CONTROL
campo de control 000025540
005 - FECHA Y HORA DE LA ÚLTIMA TRANSACCIÓN
campo de control 20200930023849.0
008 - DATOS DE LONGITUD FIJA--INFORMACIÓN GENERAL
campo de control de longitud fija 110217nuuuuuuuuag ad r 000 0 spa d
040 ## - FUENTE DE LA CATALOGACIÓN
Centro catalogador/agencia de origen DO-SdBNP
Lengua de catalogación spa
Centro/agencia transcriptor BNPHU
082 ## - NÚMERO DE LA CLASIFICACIÓN DECIMAL DEWEY
Número de clasificación xxxxxx
Número de documento/Ítem R145h
100 1# - ENTRADA PRINCIPAL--NOMBRE DE PERSONA
Nombre de persona Ragucci, Rodolfo
9 (RLIN) 52198
245 13 - MENCIÓN DE TÍTULO
Título El habla de mi tierra :
Resto del título lecciones práticas de lengua española /
Mención de responsabilidad, etc. Rodolfo Ragucci.
250 ## - MENCIÓN DE EDICIÓN
Mención de edición 8a ed.
260 ## - PUBLICACIÓN, DISTRIBUCIÓN, ETC.
Lugar de publicación, distribución, etc. Buenos Aires, Argentina :
Nombre del editor, distribuidor, etc. Sociedad Editora Internacional,
Fecha de publicación, distribución, etc. [19??].
300 ## - DESCRIPCIÓN FÍSICA
Extensión xxiv, 619 p. :
Otras características físicas il., diagrs. ;
Dimensiones 20 cm.
500 ## - NOTA GENERAL
Nota general Incluye índice de materias.
500 ## - NOTA GENERAL
Nota general Incluye índice alfabético de autores de los trozos transcritos.
500 ## - NOTA GENERAL
Nota general Incluye índice de los vocabularios en serie.
Existencias
Estado de retiro Estado de pérdida Restricciones de uso No para préstamo Código de colección Localización permanente Ubicación/localización actual Ubicación en estantería Fecha de adquisición Número de inventario Total de préstamos Signatura topográfica completa Código de barras Fecha visto por última vez Precio válido a partir de Tipo de ítem Koha
        Monografías: Libros y Folletos General General Depósito 17.02.2011 LF1   xxxxxx R145h 25540-10 25.06.2020 25.06.2020 Préstamo en sala

Con tecnología Koha